[Event "Titled Tue 26th Aug Late"]
[Site "chess.com INT"]
[Date "2025.08.26"]
[Round "4"]
[White "Simiyu Jadon"]
[Black "Babiarz, Arkadiusz"]
[Result "0-1"]
[WhiteTitle "FM"]
[BlackTitle "CM"]
[WhiteElo "2132"]
[BlackElo "2172"]
[WhiteFideId "10824014"]
[BlackFideId "21804362"]
[EventDate "2025.08.26"]

1. e4 e5 2. Nf3 Nc6 3. Nc3 Nf6 4. g3 Bc5 5. Bg2 d6 6. O-O O-O 7. a4 a5 8. d3 Bg4
9. h3 Bxf3 10. Qxf3 Qd7 11. Bg5 Nd4 12. Qd1 Qe6 13. Bxf6 Qxf6 14. Nd5 Qd8 15. c3
Ne6 16. Kh2 c6 17. Ne3 Qd7 18. Nf5 g6 19. Qg4 Kh8 20. Nh6 Qe7 21. f4 exf4 22.
gxf4 Ng7 23. f5 Qe5+ 24. Kh1 Nh5 25. Rf3 Qg7 26. Qg5 f6 27. Qd2 g5 28. Ng4 Nf4
29. d4 Bb6 30. Nf2 h5 31. Nd3 Nxd3 32. Rxd3 Rae8 33. Re1 Bc7 34. Qe2 d5 35.
Qxh5+ Qh7 36. Qxh7+ Kxh7 37. Rde3 Bf4 38. R3e2 dxe4 39. Rxe4 Rxe4 40. Rxe4 Rf7
41. Re8 Bc1 42. b3 Bb2 43. Re3 Kg7 44. Kg1 Rd7 45. Kf1 Kh6 46. Re6 Rf7 47. Re3
Kh5 48. Ke2 Kh4 49. Kd3 g4 50. Re4 Rg7 51. hxg4 Rxg4 52. Re2 Rg3+ 53. Kc4 Rxc3# 0-1

[Event "Titled Tue 26th Aug Late"]
[Site "chess.com INT"]
[Date "2025.08.26"]
[Round "4"]
[White "Almedina Ortiz, Edgardo J."]
[Black "Alazmi, Amani"]
[Result "0-1"]
[WhiteTitle "FM"]
[BlackTitle "WCM"]
[WhiteElo "2210"]
[BlackElo "1745"]
[WhiteFideId "3100197"]
[BlackFideId "10303553"]
[EventDate "2025.08.26"]

1. Nf3 d5 2. g3 e6 3. Bg2 Nf6 4. O-O Be7 5. d4 O-O 6. c4 b6 7. cxd5 exd5 8. Nc3
Bb7 9. b3 Nbd7 10. Bb2 Rc8 11. Rc1 a6 12. e3 Bd6 13. Qe2 Ne4 14. Rfd1 h6 15. Qc2
Qe7 16. Qd3 Ndf6 17. Ne2 c5 18. dxc5 Bxc5 19. Ned4 Ng4 20. Rf1 Ba3 21. Nf5 Qb4
22. Bxa3 Qxa3 23. Rxc8 Rxc8 24. h3 Ngf6 25. Qe2 Rc1 26. Rxc1 Qxc1+ 27. Qe1 Qc2
28. N3d4 Qxa2 29. f3 Qd2 30. Qxd2 Nxd2 31. Nd6 Ba8 32. Kf2 Nb1 33. Ke2 Nc3+ 34.
Kd3 Na2 35. Nc2 a5 36. f4 Nh5 37. g4 Ng3 38. Nc8 b5 39. Nb6 Bb7 40. Bxd5 Bxd5
41. Nxd5 a4 42. bxa4 bxa4 43. Nc3 Nc1+ 44. Kd4 Nb3+ 45. Kd5 a3 46. Nxa3 Nd2 47.
Nc4 Nf3 0-1

[Event "Titled Tue 26th Aug Late"]
[Site "chess.com INT"]
[Date "2025.08.26"]
[Round "4"]
[White "Zouaghi, Amir"]
[Black "Hofstadler, Mario"]
[Result "1-0"]
[WhiteTitle "FM"]
[BlackTitle "CM"]
[WhiteElo "2301"]
[BlackElo "2145"]
[WhiteFideId "249262"]
[BlackFideId "1660497"]
[EventDate "2025.08.26"]

1. d4 d5 2. Nf3 Bf5 3. g3 Qd7 4. h3 Nc6 5. Bg2 O-O-O 6. a3 f6 7. e3 e5 8. Nc3
exd4 9. Nxd4 Nxd4 10. Qxd4 Kb8 11. Nxd5 c6 12. Nc3 Qxd4 13. exd4 Rxd4 14. Be3
Rd8 15. Rd1 Rxd1+ 16. Kxd1 Bd6 17. Kc1 Ne7 18. Rd1 Bc7 19. Bc5 Nc8 20. Be4 Bxh3
21. Rh1 Be6 22. Rxh7 Rxh7 23. Bxh7 Bb6 24. Bxb6 Nxb6 25. Bd3 Kc7 26. Kd2 Bd5 27.
Nxd5+ Nxd5 28. Bc4 Ne7 29. Kd3 Kd6 30. Ke4 b6 31. Ba2 c5 32. Bc4 Nc6 33. f4 Nd4
34. c3 Nc6 35. Bd5 Ne7 36. Ba2 Nc6 37. Kf5 Ne7+ 38. Kg4 a5 39. Kh5 Kd7 40. g4
Kd6 41. g5 Kd7 42. gxf6 gxf6 43. Kh6 Kd6 44. Kg7 f5 45. Kf6 b5 46. Be6 b4 47.
axb4 axb4 48. cxb4 cxb4 49. b3 Nc6 50. Bc4 Nd4 51. Bg8 Kc5 52. Ke5 1-0

[Event "Titled Tue 26th Aug Late"]
[Site "chess.com INT"]
[Date "2025.08.26"]
[Round "4"]
[White "Rorrer, Grayson"]
[Black "Janaszak, Dawid"]
[Result "1-0"]
[WhiteTitle "IM"]
[BlackTitle "FM"]
[WhiteElo "2426"]
[BlackElo "2306"]
[WhiteFideId "30944996"]
[BlackFideId "1119206"]
[EventDate "2025.08.26"]

1. c4 e6 2. g3 d5 3. Bg2 Nf6 4. Nf3 Be7 5. O-O d4 6. d3 O-O 7. e4 dxe3 8. Bxe3
c5 9. d4 cxd4 10. Nxd4 Qc7 11. Nc3 Nc6 12. Ncb5 Qd7 13. Nxc6 bxc6 14. Qxd7 Bxd7
15. Nxa7 Ng4 16. Nxc6 Bxc6 17. Bxc6 Nxe3 18. fxe3 Rac8 19. Bb5 Bc5 20. Kf2 Rfd8
21. Rfd1 f5 22. Ke2 Bd6 23. a3 Kf7 24. Rd2 Be5 25. Rad1 Rh8 26. Rd7+ Kf6 27. b4
h5 28. c5 h4 29. Kf3 hxg3 30. hxg3 Rh3 31. Rg1 g5 32. Bc4 Ra8 33. c6 g4+ 34. Kf2
Rxa3 35. c7 Rh2+ 36. Rg2 Rh8 37. b5 Rc3 38. Rd8 Rxc4 39. Rxh8 Rxc7 40. Rh6+ Kf7
41. Rh7+ Bg7 42. Rh1 Rc2+ 43. Kg1 Rc3 44. Kh2 Rb3 45. Rf1 Rxb5 46. e4 Kg6 47.
Re2 Bf6 48. Kg2 Re5 49. exf5+ exf5 50. Ref2 Rd5 51. Re2 Re5 52. Rc2 Rd5 53. Rff2
Kg5 54. Rc8 Be5 55. Rg8+ Kh5 56. Rxf5+ Kh6 57. Rxg4 Rd2+ 58. Kh3 Rd1 59. Rxe5 1-0

[Event "Titled Tue 26th Aug Late"]
[Site "chess.com INT"]
[Date "2025.08.26"]
[Round "4"]
[White "Tikhonov, Viacheslav"]
[Black "Papasimakopoulos, Alexandros"]
[Result "0-1"]
[WhiteTitle "CM"]
[BlackTitle "IM"]
[WhiteElo "2183"]
[BlackElo "2361"]
[WhiteFideId "44196407"]
[BlackFideId "4244125"]
[EventDate "2025.08.26"]

1. e4 e6 2. d4 d5 3. Nc3 Bb4 4. Ne2 Nc6 5. a3 Ba5 6. b4 Bb6 7. Bb2 Nge7 8. g3 e5
9. Bg2 Nxd4 10. Nxd4 Bxd4 11. exd5 O-O 12. O-O Bf5 13. Na4 Bxb2 14. Nxb2 Qd7 15.
c4 Bh3 16. Nd3 Bxg2 17. Kxg2 f6 18. Nc5 Qc8 19. Qd3 Rf7 20. f4 exf4 21. Rxf4 Ng6
22. Re4 Ne5 23. Qf1 a5 24. b5 b6 25. Nd3 Nxd3 26. Qxd3 f5 27. Re6 f4 28. Rae1
fxg3 29. hxg3 Qd8 30. Qe3 Kf8 31. Qe4 Kg8 32. Rh1 g6 33. Re1 Qg5 34. Re5 Qf6 35.
Qe3 Kg7 36. Re4 Raf8 37. Rf4 Qb2+ 38. Re2 Qa1 39. Rxf7+ Rxf7 40. Qe5+ Qxe5 41.
Rxe5 Kf6 42. Re6+ Kf5 43. Rc6 Rd7 44. Kf3 h5 45. d6 Rxd6 46. Rxc7 g5 47. Rc6
Rxc6 48. bxc6 Ke6 49. Ke4 h4 50. gxh4 gxh4 51. Kf4 Kd6 52. Kg4 Kxc6 53. Kxh4 Kc5
54. Kg3 Kxc4 55. Kf3 Kb3 0-1

[Event "Titled Tue 26th Aug Late"]
[Site "chess.com INT"]
[Date "2025.08.26"]
[Round "4"]
[White "Piesik, Piotr"]
[Black "Tang, Andrew"]
[Result "0-1"]
[WhiteTitle "IM"]
[BlackTitle "GM"]
[WhiteElo "2427"]
[BlackElo "2538"]
[WhiteFideId "1136194"]
[BlackFideId "2059630"]
[EventDate "2025.08.26"]

1. d4 d5 2. c4 e6 3. Nc3 Be7 4. cxd5 exd5 5. Bf4 c6 6. e3 Bf5 7. g4 Be6 8. h3
Nd7 9. Bd3 g5 10. Bg3 h5 11. gxh5 Ngf6 12. h4 Rxh5 13. Be2 g4 14. Nh3 Bf5 15.
Nf4 Rh8 16. h5 Qb6 17. Qb3 Ne4 18. Qxb6 axb6 19. Nxe4 Bxe4 20. Rh2 Nf6 21. Bh4
Bf5 22. Bxf6 Bxf6 23. Kd2 Be7 24. Nd3 Bd6 25. Rhh1 Ke7 26. a3 Rag8 27. Rag1 Rg5
28. h6 Kf6 29. Rh4 g3 30. f4 Rg6 31. h7 Rg7 32. Rh6+ Ke7 33. Ne5 Rhxh7 34. Rxh7
Bxh7 35. Nf3 f6 36. Bd3 Be4 37. Ke2 Ke6 38. Nd2 f5 39. Nf1 g2 40. Nd2 Be7 41.
Nf3 Rg3 42. Bxe4 fxe4 43. Ne1 c5 44. Nc2 Bf6 45. Kf2 Rf3+ 46. Kxg2 cxd4 47.
Nxd4+ Bxd4 48. exd4 Kf5 49. Rc1 Kxf4 50. Rc7 Rd3 51. Rxb7 Rd1 52. Rxb6 e3 53.
Re6 Rxd4 54. b4 Rd1 0-1

[Event "Titled Tue 26th Aug Late"]
[Site "chess.com INT"]
[Date "2025.08.26"]
[Round "4"]
[White "Szpar, Milosz"]
[Black "Caruana, Fabiano"]
[Result "0-1"]
[WhiteTitle "GM"]
[BlackTitle "GM"]
[WhiteElo "2490"]
[BlackElo "2784"]
[WhiteFideId "1184989"]
[BlackFideId "2020009"]
[EventDate "2025.08.26"]

1. e4 e5 2. Nf3 Nc6 3. Bb5 a6 4. Ba4 Nf6 5. Nc3 Bc5 6. d3 d6 7. a3 h6 8. h3 O-O
9. Bxc6 bxc6 10. Be3 Bxe3 11. fxe3 Re8 12. O-O d5 13. Qe1 Qd6 14. Qh4 Be6 15. d4
Nd7 16. Qg3 exd4 17. Qxd6 cxd6 18. Nxd4 Ne5 19. Nxc6 Nxc6 20. exd5 Bxh3 21. dxc6
Bg4 22. Nd5 Rac8 23. c7 Be6 24. e4 Bxd5 25. exd5 Rxc7 26. Rf2 Re5 27. Rd1 f5 28.
Rd4 a5 29. g3 g5 30. Kg2 Kf7 31. b4 Rc3 32. a4 axb4 33. Rxb4 Rxd5 34. Rb7+ Kf6
35. Rh7 Kg6 36. Re7 Kh5 37. Re6 Kg4 38. Rxh6 Rxg3+ 39. Kh2 f4 40. Rg6 Ra5 41.
Rxd6 Rxa4 42. Rd1 Ra8 43. Kh1 Rh8+ 44. Rh2 Rxh2+ 45. Kxh2 Rc3 46. Rd2 Kf3 47.
Kg1 g4 48. Rf2+ Kg3 49. Rg2+ Kh4 50. Rh2+ Kg5 51. Rd2 g3 52. Kg2 Kg4 53. Kg1 Ra3
54. Rd1 Rc3 55. Rd2 f3 56. Rd4+ Kh3 57. Rd2 f2+ 58. Kf1 Kh2 59. Re2 g2+ 60. Kxf2
g1=Q# 0-1

[Event "Titled Tue 26th Aug Late"]
[Site "chess.com INT"]
[Date "2025.08.26"]
[Round "4"]
[White "Gustafsson, Jan"]
[Black "Foldes, Marton Gabor"]
[Result "0-1"]
[WhiteTitle "GM"]
[BlackTitle "FM"]
[WhiteElo "2591"]
[BlackElo "2293"]
[WhiteFideId "4625498"]
[BlackFideId "794708"]
[EventDate "2025.08.26"]

1. d4 Nf6 2. c4 e6 3. Nc3 Bb4 4. Qc2 d5 5. cxd5 exd5 6. Bf4 c6 7. e3 O-O 8. Bd3
Re8 9. Ne2 Bd6 10. Bg5 h6 11. Bh4 Be6 12. f3 c5 13. O-O Nc6 14. a3 c4 15. Bh7+
Kh8 16. Bf5 Bxf5 17. Qxf5 Ne7 18. Qc2 Bc7 19. Bxf6 gxf6 20. Ng3 Qd7 21. Nh5 Qe6
22. Rae1 Nf5 23. Qf2 Qd6 24. g4 Nxe3 25. Rxe3 Rxe3 26. Nb5 Qxh2+ 27. Qxh2 Bxh2+
28. Kxh2 Re2+ 29. Kg3 Rxb2 30. Nc7 Rd8 31. Nxf6 c3 32. Rc1 c2 33. Nfxd5 Rd6 34.
Ne3 Rc6 35. Ncd5 a5 36. Kf4 b5 37. Ke4 b4 38. axb4 a4 39. b5 Rxb5 40. Rxc2 Rxc2
41. Nxc2 Rb3 42. Ndb4 a3 43. d5 Kg8 44. d6 Kf8 45. Kd5 Rb2 46. Nxa3 Rxb4 47. Nc4
Rb3 48. Ne5 Rb5+ 49. Ke4 f6 50. Nc6 Ke8 51. Nd4 Rb4 52. Kd5 Kd7 0-1

[Event "Titled Tue 26th Aug Late"]
[Site "chess.com INT"]
[Date "2025.08.26"]
[Round "4"]
[White "Shton, Roman"]
[Black "Gubajdullin, Alexei"]
[Result "0-1"]
[BlackTitle "FM"]
[WhiteElo "2081"]
[BlackElo "2228"]
[WhiteFideId "14137461"]
[BlackFideId "4141202"]
[EventDate "2025.08.26"]

1. d4 Nf6 2. Nf3 g6 3. c4 Bg7 4. Nc3 O-O 5. Bg5 d6 6. e3 Nc6 7. Be2 h6 8. Bh4 g5
9. Bg3 Nh5 10. Qc2 Nxg3 11. hxg3 e6 12. a3 f5 13. d5 Ne5 14. Nd4 Qf6 15. Ncb5
Rf7 16. Bh5 Re7 17. dxe6 Bxe6 18. Nxe6 Qxe6 19. Rc1 Rf8 20. Nd4 Qf6 21. Bf3 c6
22. O-O g4 23. Be2 h5 24. f4 gxf3 25. Bxf3 Qg5 26. e4 Ng4 27. Nxf5 Rxf5 28. exf5
Bd4+ 29. Kh1 Ne3 30. Qd3 Nxf5 31. Bd5+ cxd5 32. Rxf5 Qxc1+ 33. Rf1 Qe3 34. Qg6+
Rg7 35. Qxd6 Be5 36. Qf8+ Kh7 37. Qf5+ Rg6 38. Qf7+ Bg7 39. Rf3 Qe1+ 40. Kh2
dxc4 41. Qxc4 Qe5 42. Qd3 Qg5 43. Rf5 Qg4 44. Rb5 h4 45. Rb4 hxg3+ 46. Kg1 Qg5
47. Qc2 Qe3+ 48. Kh1 Qe1# 0-1

[Event "Titled Tue 26th Aug Late"]
[Site "chess.com INT"]
[Date "2025.08.26"]
[Round "4"]
[White "Silva Hernandez, Jesus Arturo"]
[Black "Paval, George"]
[Result "1-0"]
[WhiteTitle "CM"]
[WhiteElo "1953"]
[BlackElo "2139"]
[WhiteFideId "5121000"]
[BlackFideId "1214233"]
[EventDate "2025.08.26"]

1. d4 Nf6 2. Bf4 d5 3. e3 e6 4. Nf3 Bd6 5. c3 c5 6. Nbd2 Qc7 7. Bg3 Nbd7 8. Rc1
O-O 9. Bd3 e5 10. dxe5 Nxe5 11. Nxe5 Bxe5 12. Nf3 Bd6 13. Bb1 Bg4 14. Qa4 Bh5
15. Qh4 Bg6 16. O-O Bxg3 17. hxg3 Bxb1 18. Rxb1 h6 19. Rfd1 Rad8 20. Rd2 Rd7 21.
Qf4 Qxf4 22. gxf4 Rfd8 23. Rbd1 b5 24. Ne5 Rd6 25. f3 Kf8 26. g4 Nd7 27. Rxd5
Nxe5 28. Rxd6 Nxf3+ 29. Kf2 Rxd6 30. Rxd6 Nh2 31. Kg3 Nf1+ 32. Kf2 Nh2 33. g5
hxg5 34. fxg5 Ng4+ 35. Kg3 Nxe3 36. Ra6 Nc4 37. b3 Nd2 38. Rxa7 Ne4+ 39. Kf4
Nxc3 40. Ke5 g6 41. Rc7 Kg7 42. Rxc5 b4 43. Ra5 Ne2 44. Ra4 Nc3 45. Rxb4 Nxa2
46. Rc4 Kf8 47. Kf6 Ke8 48. b4 Kd7 49. b5 Kd6 50. Kxf7 Kd5 51. Rc6 Nb4 52. Kxg6
Nxc6 53. bxc6 Kxc6 54. Kf7 Kd7 55. g6 Kd6 56. g7 Ke5 57. g8=Q Kf5 58. Qg6+ Kf4
59. Qe6 Kg5 60. Qe4 Kh5 61. Qg2 Kh4 62. Kf6 Kh5 63. Qg5# 1-0

[Event "Titled Tue 26th Aug Late"]
[Site "chess.com INT"]
[Date "2025.08.26"]
[Round "4"]
[White "Donoso Aguirre, Maximiliano"]
[Black "Rustemov, Alexander"]
[Result "0-1"]
[WhiteTitle "CM"]
[BlackTitle "GM"]
[WhiteElo "1978"]
[BlackElo "2525"]
[WhiteFideId "3458920"]
[BlackFideId "4119002"]
[EventDate "2025.08.26"]

1. e4 e6 2. d4 d5 3. Nc3 Bb4 4. Ne2 Nf6 5. exd5 exd5 6. g3 O-O 7. Bg2 c6 8. O-O
Re8 9. a3 Bd6 10. Bf4 Bf5 11. Qd2 h6 12. Rfe1 Na6 13. Bxd6 Qxd6 14. Nf4 Nc7 15.
Nd3 Ne6 16. Ne5 Re7 17. Re2 Rae8 18. Rae1 Ng5 19. h4 Nge4 20. Nxe4 Bxe4 21. Qf4
c5 22. c3 cxd4 23. cxd4 Qb6 24. Nf3 Nh5 25. Qd2 Nf6 26. Qf4 Kf8 27. Ne5 Qxd4 28.
Ng4 Nxg4 29. Qxg4 Qb6 30. Bxe4 dxe4 31. Rxe4 Rxe4 32. Rxe4 Rxe4 33. Qxe4 Qxb2
34. Qd3 Qc1+ 35. Kh2 Qc7 36. Qd4 b6 37. Qb4+ Kg8 38. Qe4 h5 39. Qa8+ Kh7 40. Qd5
g6 41. Kg2 Kg7 42. Qd4+ Kf8 43. Qh8+ Ke7 44. Qd4 Qc6+ 45. Kh2 Qc5 46. Qe4+ Kd6
47. Qf4+ Ke6 48. Qe4+ Qe5 49. Qc6+ Qd6 50. Qe4+ Kf6 51. Qf3+ Kg7 52. Qc3+ Qf6
53. Qe3 a5 54. Kg2 b5 55. Qd3 b4 56. axb4 axb4 57. Qb3 Qc3 58. Qd5 b3 59. Qe4 b2
60. Qb1 Qc1 61. Qe4 b1=Q 62. Qe5+ Kh7 0-1

[Event "Titled Tue 26th Aug Late"]
[Site "chess.com INT"]
[Date "2025.08.26"]
[Round "4"]
[White "Bortnyk, Olexandr"]
[Black "Ragger, Markus"]
[Result "1/2-1/2"]
[WhiteTitle "GM"]
[BlackTitle "GM"]
[WhiteElo "2601"]
[BlackElo "2569"]
[WhiteFideId "14120828"]
[BlackFideId "1610856"]
[EventDate "2025.08.26"]

1. e4 e5 2. Nf3 Nc6 3. Nc3 Nf6 4. Nd5 Bc5 5. c3 O-O 6. d4 exd4 7. Bd3 Nxd5 8.
exd5 Re8+ 9. Kf1 Ne5 10. Nxe5 Rxe5 11. cxd4 Bxd4 12. Bf4 Qf6 13. Qf3 Re8 14.
Bxc7 Qxf3 15. gxf3 d6 16. Kg2 Re5 17. f4 Rxd5 18. Rad1 Be6 19. Be4 Rc8 20. Bxd5
Bxd5+ 21. f3 Rxc7 22. Rxd4 Rc2+ 23. Kg3 Bxa2 24. Rxd6 g6 25. b4 Be6 26. h4 h5
27. Ra1 a6 28. Rad1 Rc3 29. R1d3 Rc4 30. Rb6 Bf5 31. Rd8+ Kg7 32. Rxb7 Rc3 33.
Kf2 Rc2+ 34. Ke3 Rc3+ 35. Ke2 Rc4 36. Rd6 Rxf4 37. Rxa6 Rxh4 38. Rc6 Rh2+ 39.
Ke3 Rb2 40. Rcc7 Be6 41. Rb6 Kf6 42. Rc4 g5 43. Rc8 h4 44. Rh8 Kg7 45. Rbb8 h3
46. b5 h2 47. b6 g4 48. fxg4 Bd5 49. Rbg8+ Kf6 50. Rh6+ Ke7 51. Rgh8 h1=Q 52.
Rxh1 Bxh1 53. Rxh1 Rxb6 54. Kf4 Rf6+ 55. Kg3 Rg6 56. Rf1 Kf8 57. Rf5 Kg7 58. Ra5
Rf6 59. Kh4 Rh6+ 60. Kg3 Rg6 61. Rb5 Rf6 62. g5 Rg6 63. Kf4 Rd6 64. Kf5 Rc6 65.
Rb7 Rc5+ 66. Kg4 Rc6 67. Kh5 Rd6 68. Rc7 Re6 69. Rb7 Rd6 70. Rc7 Re6 71. Rb7 Rd6 1/2-1/2

[Event "Titled Tue 26th Aug Late"]
[Site "chess.com INT"]
[Date "2025.08.26"]
[Round "4"]
[White "Pribelszky, Bence"]
[Black "Romero Ruscalleda, Josep"]
[Result "1-0"]
[WhiteTitle "IM"]
[BlackTitle "FM"]
[WhiteElo "2428"]
[BlackElo "2110"]
[WhiteFideId "769738"]
[BlackFideId "2231859"]
[EventDate "2025.08.26"]

1. b3 g6 2. Bb2 Nf6 3. Nf3 Bg7 4. g3 O-O 5. Bg2 d6 6. d4 Nc6 7. d5 Nb8 8. c4 e5
9. O-O Bf5 10. Nc3 Qc8 11. b4 Bh3 12. c5 Bxg2 13. Kxg2 Na6 14. Qa4 Qg4 15. a3
Nh5 16. e3 dxc5 17. b5 Qxa4 18. Nxa4 e4 19. Ng5 Bxb2 20. Nxb2 Nb8 21. Nxe4 Nd7
22. a4 Nhf6 23. Nc3 Rfe8 24. h3 Rad8 25. Rac1 Ne4 26. Kf3 Nd2+ 27. Ke2 Nxf1 28.
Rxf1 Nb6 29. Rd1 Re5 30. e4 Ree8 31. f4 f6 32. a5 Nc8 33. Kf3 b6 34. a6 Nd6 35.
Re1 Nf7 36. g4 Kg7 37. h4 h6 38. Nc4 g5 39. Ne3 gxf4 40. Nf5+ Kh7 41. Kxf4 Ne5
42. Rh1 Rg8 43. g5 h5 44. Rh3 c4 45. gxf6 Nd3+ 46. Ke3 Rdf8 47. d6 cxd6 48. Nd5
Rg4 49. Kd4 Nc5 50. Re3 Rf7 51. Nxd6 Rd7 52. Nxc4 Ne6+ 53. Kc3 Rxh4 54. Ne5 Rd8
55. f7 Rc8+ 56. Kb4 Nd4 57. Rg3 Nc2+ 58. Kb3 Rxe4 59. Nf6+ Kh8 60. Rg8+ 1-0

[Event "Titled Tue 26th Aug Late"]
[Site "chess.com INT"]
[Date "2025.08.26"]
[Round "4"]
[White "Tica, Sven"]
[Black "Arnold, Rhys"]
[Result "1-0"]
[WhiteTitle "IM"]
[BlackTitle "FM"]
[WhiteElo "2442"]
[BlackElo "2269"]
[WhiteFideId "14526948"]
[BlackFideId "1068849"]
[EventDate "2025.08.26"]

1. Nf3 Nf6 2. g3 d5 3. Bg2 e6 4. d4 Be7 5. c4 O-O 6. Nc3 dxc4 7. Ne5 c5 8. dxc5
Bxc5 9. Nxc4 Qxd1+ 10. Nxd1 Bb4+ 11. Bd2 Bxd2+ 12. Kxd2 Nc6 13. Nc3 Rd8+ 14. Kc1
Bd7 15. Rd1 Be8 16. Nd6 Rab8 17. Nxe8 Nxe8 18. Bxc6 bxc6 19. Kc2 Nc7 20. a3 Nd5
21. Ne4 Kf8 22. Rd3 Ke7 23. Rad1 a5 24. Nd2 Rb5 25. e4 Nf6 26. Rxd8 Kxd8 27.
Nc4+ Ke7 28. f3 Nd7 29. Kc3 Nc5 30. b4 axb4+ 31. axb4 Na4+ 32. Kb3 Nc5+ 33. Ka3
Nb7 34. Ka4 Rh5 35. Rd2 f6 36. f4 h6 37. e5 fxe5 38. fxe5 Rf5 39. Nb6 Ke8 40.
Nc4 Ke7 41. Nb6 Ke8 42. Rd7 Rf7 43. Rd3 Rf2 44. Rd7 Rf7 45. Rd2 Rf3 46. Nc4 Ke7
47. Na5 Nd8 48. Nb3 Re3 49. Nc5 Rxe5 50. Rd7+ Ke8 51. Rxg7 Re2 52. h4 e5 53. Rg6
e4 54. Rxh6 e3 55. Rh5 Re1 56. Re5+ Kf7 57. Nd3 Ra1+ 58. Kb3 Rd1 59. Rxe3 Ne6
60. Ne5+ Kf6 61. Nxc6 Rc1 62. b5 Nc5+ 63. Kb4 Ne6 64. g4 Rb1+ 65. Ka5 Nc5 66.
Kb6 Na4+ 67. Ka5 Nc5 68. g5+ Kf5 69. Ne7+ Kg4 70. g6 1-0

[Event "Titled Tue 26th Aug Late"]
[Site "chess.com INT"]
[Date "2025.08.26"]
[Round "4"]
[White "Ostrovskiy, Aleksandr"]
[Black "Brilej, Jaka"]
[Result "1-0"]
[WhiteTitle "IM"]
[BlackTitle "FM"]
[WhiteElo "2366"]
[BlackElo "2334"]
[WhiteFideId "2034239"]
[BlackFideId "14618818"]
[EventDate "2025.08.26"]

1. e4 c5 2. Nc3 a6 3. d4 cxd4 4. Qxd4 Nc6 5. Qe3 e6 6. b3 Nf6 7. Bb2 Qa5 8.
O-O-O Ba3 9. Nge2 O-O 10. g4 Nxg4 11. Qg3 Nf6 12. Rg1 g6 13. Qh4 Bxb2+ 14. Kxb2
Kg7 15. Nf4 b5 16. Rg5 Qd8 17. e5 Ng8 18. Qg3 Nce7 19. Bd3 Bb7 20. h4 Nf5 21.
Bxf5 exf5 22. Rd6 Qe7 23. Nfd5 Bxd5 24. Nxd5 Qd8 25. Rxf5 Ne7 26. Nxe7 Qxe7 27.
h5 Rfe8 28. f4 Rac8 29. hxg6 hxg6 30. Rg5 Rc6 31. Rxc6 dxc6 32. Qc3 Qe6 33. Rg3
Rd8 34. Rh3 Kg8 35. Qg3 Qf5 36. Qh4 Kf8 37. Qh8+ Ke7 38. Qh4+ Ke8 39. Qh8+ Ke7
40. Qh4+ Ke8 41. Rc3 Qe4 42. Qh8+ Ke7 43. Qf6+ Ke8 44. Qxc6+ Qxc6 45. Rxc6 Rd4
46. Rf6 Ke7 47. Kc3 Re4 48. Kd3 Re1 49. Rxa6 Rf1 50. Rf6 Ra1 51. Rb6 Rxa2 52.
Rxb5 Ke6 53. Rb6+ Ke7 54. Rf6 Ra1 55. c4 Rb1 56. Kc3 Re1 57. b4 g5 58. fxg5 Rxe5
59. b5 Rxg5 60. Rf1 Rg2 61. Kb4 Ke6 62. Kc5 f5 63. b6 Rb2 64. Kc6 Ke5 65. c5 f4
66. Kc7 Kd5 67. c6 Rc2 68. Rd1+ Ke4 69. b7 f3 70. b8=Q 1-0

[Event "Titled Tue 26th Aug Late"]
[Site "chess.com INT"]
[Date "2025.08.26"]
[Round "4"]
[White "Storey, Charles H"]
[Black "Fellowes, Billy"]
[Result "1-0"]
[WhiteTitle "FM"]
[BlackTitle "CM"]
[WhiteElo "2095"]
[BlackElo "2122"]
[WhiteFideId "406686"]
[BlackFideId "483540"]
[EventDate "2025.08.26"]

1. c4 Nc6 2. g3 e5 3. Bg2 f5 4. Nc3 Nf6 5. d3 Bb4 6. Bd2 O-O 7. Nd5 Bxd2+ 8.
Qxd2 Kh8 9. Nf3 d6 10. O-O Nxd5 11. cxd5 Ne7 12. Ng5 h6 13. Ne6 Bxe6 14. dxe6 c6
15. d4 e4 16. f3 d5 17. fxe4 dxe4 18. Qb4 Rb8 19. e3 Nd5 20. Qa3 Qe8 21. Rae1 a6
22. g4 Qxe6 23. gxf5 Rxf5 24. Rxf5 Qxf5 25. Kh1 Qf2 26. Rf1 Qh4 27. Rf8+ Rxf8
28. Qxf8+ Kh7 29. Qf5+ Kg8 30. Qe6+ Kf8 31. Qc8+ Kf7 32. Qxb7+ Ne7 33. Qb3+ Kf6
34. Qc3 Kg6 35. h3 Kf7 36. Qc2 Qe1+ 37. Kh2 Qxe3 38. Qxe4 Qxe4 39. Bxe4 Ke6 40.
b4 Nd5 41. a3 Kd6 42. Bd3 Nc7 43. Bc4 Nb5 44. a4 Nxd4 45. Bxa6 Nc2 46. b5 Nb4
47. Bb7 c5 48. a5 c4 49. a6 Kc7 50. Be4 Kb6 51. Kg3 c3 52. Kf4 c2 53. Bxc2 Nxc2
54. Kf5 Nd4+ 55. Kg6 Nxb5 56. Kxg7 Kxa6 57. Kxh6 Nd6 58. Kg6 Kb6 59. h4 Kc6 60.
h5 Nc8 61. h6 Ne7+ 62. Kf7 1-0

[Event "Titled Tue 26th Aug Late"]
[Site "chess.com INT"]
[Date "2025.08.26"]
[Round "4"]
[White "Pniaczek, Marek"]
[Black "Goncharov, Vladimir"]
[Result "1/2-1/2"]
[WhiteTitle "FM"]
[WhiteElo "2188"]
[BlackElo "2077"]
[WhiteFideId "21800421"]
[BlackFideId "34162256"]
[EventDate "2025.08.26"]

1. d4 Nf6 2. Nf3 e6 3. Bf4 b6 4. e3 Bb7 5. Bd3 Nh5 6. Bg5 Be7 7. Bxe7 Qxe7 8.
O-O d6 9. Nbd2 O-O 10. c4 Nd7 11. Rc1 f5 12. Re1 g6 13. Nf1 Bxf3 14. Qxf3 e5 15.
e4 f4 16. d5 a5 17. b3 Nc5 18. Bb1 Nf6 19. a3 g5 20. b4 Ncd7 21. c5 bxc5 22.
bxc5 Nxc5 23. Ba2 Kg7 24. Nd2 Rfb8 25. Nc4 g4 26. Qc3 Ncxe4 27. Qc2 Ng5 28. Qd2
a4 29. Qxf4 h6 30. Nxe5 Re8 31. Nd3 Qd7 32. Qd4 Rxe1+ 33. Rxe1 Re8 34. Rxe8 Qxe8
35. Kf1 h5 36. Bc4 Qe4 37. Qc3 Kf7 38. Bb5 h4 39. Qxc7+ Kg6 40. Qxd6 Qxd5 41.
Ne5+ Kf5 42. Bd3+ Nge4 43. Qxd5 Nxd5 44. Nxg4 Kxg4 45. Bxe4 Nc3 46. Bf3+ Kf4 47.
h3 Nb1 48. Bc6 Nxa3 49. Bxa4 Nc4 50. Bd1 Ne5 51. Be2 Nd7 52. Kg1 Ne5 53. Kh2 Kg5
54. g3 hxg3+ 55. fxg3 Ng6 56. Kg2 Ne5 57. h4+ Kf5 58. Kh3 Kg6 59. g4 Nxg4 60.
Kxg4 Kh7 61. h5 Kh8 62. Kh4 Kg8 63. Kg5 Kh8 64. h6 Kg8 65. Bd3 Kh8 66. Kg6 Kg8
67. Be4 Kh8 68. Bf5 Kg8 69. Bd3 Kh8 70. Bc2 Kg8 71. Bb3+ Kh8 72. h7 1/2-1/2

[Event "Titled Tue 26th Aug Late"]
[Site "chess.com INT"]
[Date "2025.08.26"]
[Round "4"]
[White "Baches Garcia, Guillermo"]
[Black "Adewumi, Tanitoluwa"]
[Result "0-1"]
[WhiteTitle "IM"]
[BlackTitle "IM"]
[WhiteElo "2305"]
[BlackElo "2421"]
[WhiteFideId "2209764"]
[BlackFideId "30966396"]
[EventDate "2025.08.26"]

1. Nf3 Nf6 2. d4 g6 3. Bg5 Bg7 4. Nbd2 d6 5. e3 c6 6. Bc4 Nbd7 7. O-O O-O 8. a4
a5 9. c3 h6 10. Bh4 e5 11. h3 Qc7 12. Bg3 Qb6 13. Qc2 e4 14. Nh2 d5 15. Be2 Re8
16. c4 Nf8 17. Rfc1 Ne6 18. Nb3 Bd7 19. Bd6 dxc4 20. Nc5 Nxc5 21. dxc5 Qd8 22.
Bxc4 Be6 23. Be2 Nd5 24. Rd1 Nb4 25. Qd2 Bb3 26. Rdc1 Qf6 27. Rc3 Be6 28. Ng4
Qg5 29. Bf4 Qd5 30. Qxd5 Nxd5 31. Rc2 h5 32. Ne5 Nxf4 33. exf4 Bxe5 34. fxe5 Bd5
35. Rd1 Rxe5 36. Rd4 Kg7 37. b4 axb4 38. Rxb4 Ra7 39. Rcb2 Re7 40. Kf1 f5 41. g3
Kf6 42. h4 Ke5 43. Ke1 f4 44. gxf4+ Kxf4 45. f3 Kg3 46. fxe4 Rxe4 47. Rxb7 Rxb7
48. Rxb7 Bc4 49. Rb2 Kxh4 50. a5 Bxe2 51. Rxe2 Ra4 52. Re6 Rxa5 53. Rxc6 g5 54.
Rc8 g4 55. Kd2 Kg3 56. Kc3 h4 57. Kc4 h3 58. Rh8 Kg2 59. c6 Ra1 60. Rh4 Rc1+ 61.
Kd5 g3 62. Rc4 Rxc4 63. Kxc4 h2 64. c7 h1=Q 65. c8=Q Qc1+ 0-1